00375nam a2200121Ia 450000500170000000800410001702000180005808200190007610000360009524500720013126000360020330000140023920250531110614.0231217s9999 xx 000 0 und d a9781857880564 a658.406 HAM;4 aHammer, Michael. Champy, James. 0aReengineering the corporation : a manifesto for business revolution c1994bNicholas Brealey,aLondon aviii, 231